Sociology; an applied limb of cultural anthropology. (Record no. 79640)

MARC details
000 -LEADER
fixed length control field 00576nam a22002171 4500
001 - CONTROL NUMBER
control field sa 68003643
003 - CONTROL NUMBER IDENTIFIER
control field DLC
005 - DATE AND TIME OF LATEST TRANSACTION
control field 20260227112454.0
008 - FIXED-LENGTH DATA ELEMENTS--GENERAL INFORMATION
fixed length control field 710903s1967 ii b 00000 eng
010 ## - LIBRARY OF CONGRESS CONTROL NUMBER
LC control number sa 68003643
025 ## - OVERSEAS ACQUISITION NUMBER
Overseas acquisition number PL480:I-E-9390
050 0# - LIBRARY OF CONGRESS CALL NUMBER
Classification number HM51
Item number .B35
082 ## - DEWEY DECIMAL CLASSIFICATION NUMBER
Classification number 301
100 10 - MAIN ENTRY--PERSONAL NAME
Personal name Basu, Minendra Nath,
Dates associated with a name 1911-
245 10 - TITLE STATEMENT
Title Sociology; an applied limb of cultural anthropology.
260 0# - PUBLICATION, DISTRIBUTION, ETC.
Place of publication, distribution, etc. Calcutta,
Name of publisher, distributor, etc. World Press,
Date of publication, distribution, etc. 1967.
300 ## - PHYSICAL DESCRIPTION
Extent x, 151 p.
Dimensions 22 cm.
350 ## - PRICE (NR) (BK AM CF MU VM SE) [OBSOLETE]
Price Rs10
-- $2.50
504 ## - BIBLIOGRAPHY, ETC. NOTE
Bibliography, etc. note Bibliography: p. 143-151.
650 #0 - SUBJECT ADDED ENTRY--TOPICAL TERM
Topical term or geographic name entry element Sociology.

No items available.

Powered by Koha